000 00714nam a22002177a 4500
003 URS
005 20260414095317.0
008 260407b |||||||| |||| 00| 0 eng d
020 _a9781446295335
040 _cURS
050 _aLB 3013
_b.R6311 2015
100 _aRogers, Bill
245 _aClassroom behaviour :
_ba practical guide to effective teaching, behaviour management and colleague support /
_cBill Rogers.
250 _a4th Edition.--
264 _aCalifornia :
_bSAGE Publication Ltd,
_c©2015.
300 _aviii, 324 pages :
_billustrations ;
_c23 cm.
504 _aIncludes bibliographical references.
650 _aClassroom Management.
650 _aBehaviour Modification.
942 _2lcc
_cFR
999 _c99797
_d99794